[Event "Winnipeg TNT May op"]
[Site "Winnipeg"]
[Date "2005.05.10"]
[Round "2"]
[White "Reimer, Bruce"]
[Black "Romanek, Adam"]
[Result "1/2-1/2"]
[WhiteElo "1449"]
[BlackElo "1103"]
[PlyCount "102"]
[EventDate "2005.05.03"]
[EventType "swiss"]
[EventRounds "4"]
[EventCountry "CAN"]
[SourceTitle "EXT 2022"]
[Source "ChessBase"]
[SourceDate "2021.10.06"]
[SourceVersion "1"]
[SourceVersionDate "2021.10.06"]
[SourceQuality "1"]

1. c4 e5 2. g3 d5 3. Bg2 Be6 4. Nc3 Nf6 5. Qb3 Qc8 6. cxd5 Bd7 7. Nf3 Bd6 8. 0-0 0-0 9. d3 h6 10. Bd2 Na6 11. d4 exd4 12. Nxd4 Nc5 13. Qc2 a5 14. e4 Bh3 15. Rfe1 Bxg2 16. Kxg2 Re8 17. Re2 Qg4 18. f3 Qg6 19. Be1 b6 20. Bf2 Kh7 21. Rae1 Nfd7 22. Nc6 f6 23. Nb5 Ne5 24. Nxd6 cxd6 25. Nxe5 fxe5 26. a3 Rec8 27. Qc4 Rab8 28. Rc2 Qf7 29. Rec1 Kh8 30. Be3 Rb7 31. b4 axb4 32. axb4 Ra8 33. bxc5 bxc5 34. Ra2 Rf8 35. Qe2 Rfb8 36. Rca1 Qf8 37. Bc1 g5 38. Rb2 Rxb2 39. Bxb2 Rb3 40. Ra3 Rb7 41. Bc1 Rb1 42. Qc2 Qb8 43. Ra2 Rb4 44. Rb2 Kg8 45. Rxb4 cxb4 46. Qb3 Qb5 47. Kf2 Kf7 48. Bd2 Qc5+ 49. Be3 Qb5 50. Bd2 Qc5+ 51. Kg2 Qb5 1/2-1/2

[Event "Winnipeg TNT May op"]
[Site "Winnipeg"]
[Date "2005.05.03"]
[Round "1"]
[White "Romanek, Adam"]
[Black "De Groot, Steven"]
[Result "0-1"]
[WhiteElo "1103"]
[BlackElo "1638"]
[PlyCount "92"]
[EventDate "2005.05.03"]
[EventType "swiss"]
[EventRounds "4"]
[EventCountry "CAN"]
[SourceTitle "EXT 2022"]
[Source "ChessBase"]
[SourceDate "2021.10.06"]
[SourceVersion "1"]
[SourceVersionDate "2021.10.06"]
[SourceQuality "1"]

1. e4 c5 2. Nf3 d6 3. Nc3 a6 4. Bc4 e6 5. Qe2 b5 6. Bb3 c4 7. Bxc4 bxc4 8. Qxc4 Nf6 9. Qe2 Bb7 10. d3 Be7 11. Be3 0-0 12. Na4 Qa5+ 13. Nc3 Nc6 14. 0-0 Rfd8 15. Nd4 Ne5 16. Rfb1 Neg4 17. Bd2 Qh5 18. h3 d5 19. hxg4 Nxg4 20. Nf3 Bd6 21. g3 dxe4 22. Nxe4 Ne5 23. Kg2 f5 24. Rh1 Qg6 25. Nh4 fxe4 26. Nxg6 exd3+ 27. f3 dxe2 28. Nxe5 Bxe5 29. Ba5 Rf8 30. Kf2 Rxf3+ 31. Kxe2 Rxg3 32. Rhe1 Rf8 33. Kd1 Bf3+ 34. Kc1 Bf4+ 35. Kb1 Rg2 36. Rxe6 Rg1+ 37. Re1 Rxe1+ 38. Bxe1 Rd8 39. a3 Rd1+ 40. Ka2 Rxa1+ 41. Kxa1 g5 42. c4 g4 43. c5 g3 44. Bxg3 Bxg3 45. b4 Bc6 46. Kb2 h5 0-1

[Event "Winnipeg TNT April op"]
[Site "Winnipeg"]
[Date "2005.04.05"]
[Round "1"]
[White "Degroot, Stephen"]
[Black "Romanek, Adam"]
[Result "0-1"]
[WhiteElo "1638"]
[BlackElo "1103"]
[PlyCount "44"]
[EventDate "2005.04.05"]
[EventType "swiss"]
[EventRounds "4"]
[EventCountry "CAN"]
[SourceTitle "EXT 2006"]
[Source "ChessBase"]
[SourceDate "2005.11.24"]
[SourceVersion "1"]
[SourceVersionDate "2005.11.24"]
[SourceQuality "1"]

1. e4 e5 2. Nf3 d6 3. Bc4 Nc6 4. c3 Qf6 5. h3 Qg6 6. Qe2 Be7 7. 0-0 Bxh3 8. Bxf7+ Kxf7 9. Nh4 Bxh4 10. Qf3+ Nf6 11. Qxh3 Qxe4 12. f3 Qf4 13. d4 Qg3 14. Qf5 Ne7 15. Qd3 Kf8 16. dxe5 Qxe5 17. Na3 a6 18. f4 Qd5 19. Qh3 Qc5+ 20. Be3 Qh5 21. g3 Nf5 22. Bf2 Bxg3 0-1